[Event "Yeovil Major op"]
[Site "Yeovil"]
[Date "2007.06.16"]
[Round "3"]
[White "Turner, Roger"]
[Black "Jackson, Paul G"]
[Result "0-1"]
[WhiteElo "1520"]
[BlackElo "1560"]
[PlyCount "76"]
[EventDate "2007.06.15"]
[EventType "swiss"]
[EventRounds "5"]
[EventCountry "ENG"]
[SourceTitle "CBM 119 Extra"]
[Source "ChessBase"]
[SourceDate "2007.09.04"]
[SourceVersion "1"]
[SourceVersionDate "2007.09.04"]
[SourceQuality "1"]

1. e4 e6 2. d3 d5 3. Nd2 c5 4. Ngf3 Nf6 5. g3 Nc6 6. Bg2 Be7 7. 0-0 b6 8. Re1 Bb7 9. c3 Qc7 10. Qc2 0-0-0 11. a4 h5 12. h4 Rdg8 13. Nf1 Nh7 14. Bf4 Qd8 15. Ne5 Nxe5 16. Bxe5 f6 17. Bf4 g5 18. Be3 gxh4 19. b4 hxg3 20. fxg3 Bd6 21. bxc5 bxc5 22. exd5 Bxd5 23. Bxd5 exd5 24. Kf2 Qc7 25. Ke2 Bxg3 26. Nxg3 Rxg3 27. Rf1 Re8 28. Rf3 Rxf3 29. Kxf3 Qe5 30. Qd2 Qf5+ 31. Kg2 Rg8+ 32. Kh2 Ng5 33. Bxg5 Qxg5 34. Qf2 Qe5+ 35. Kh1 d4 36. cxd4 Qxd4 37. Qf5+ Kd8 38. Qf1 Qh4+ 0-1